| 000 | 00780cab a2200253 4500 | ||
|---|---|---|---|
| 001 | WB3302-10 | ||
| 008 | 090401t1997 xxu||||| |||| 00| 0 eng d | ||
| 035 | _a(Sirsi) u19406 | ||
| 041 | _aeng | ||
| 245 | _aLondon offices | ||
| 260 | _c1997 | ||
| 350 | _a0 | ||
| 490 |
_aEstates Gazette _v(9701) 11 January 1997, 44(1) |
||
| 520 | _aSummary of figures released by leading surveying firms for the London office market during 1996. | ||
| 650 | _aCENTRAL LONDON | ||
| 650 | _aHILLIER PARKER | ||
| 650 | _aINVESTMENT MARKET | ||
| 650 | _aJONES LANG WOOTTON | ||
| 650 | _aPROPERTY-COMMERCIAL PROPERTY-OFFICE PROPERTY-OFFICE PROPERTY MARKET | ||
| 650 | _aCBRE | ||
| 690 | _aPROPERTY-COMMERCIAL PROPERTY-COMMERCIAL PROPERTY MARKET | ||
| 942 | _n0 | ||
| 948 | _c04/03/1997 | ||
| 999 |
_c12951 _d12951 |
||